Statistics for Religion Idioms

Click here to take the quiz!

General Stats

  • This quiz has been taken 29,827 times
    (18,467 since last reset)
  • The average score is 14 of 20

Answer Stats

Idiom % Correct
Eat the forbidden {fruit}
99%
Turn the other {cheek}
90%
Hold out an olive {branch}
89%
Land of milk and {honey}
87%
When hell {freezes} over
84%
{Practice} what you preach
84%
Come hell or high {water}
80%
Preaching to the {choir}
76%
Holier than {thou}
76%
The {prodigal} son returns
75%
The salt of the {Earth}
75%
{Fire} and brimstone
74%
On a wing and a {prayer}
69%
Rob Peter to pay {Paul}
69%
One's {cross} to bear
69%
The devil is in the {details}
67%
Kill the fatted {calf}
53%
Not a {snowball}'s chance in hell
44%
Cast {pearls} before swine
42%
Wear sackcloth and {ashes}
28%

Score Distribution

Percentile by Number Answered

Percent of People with Each Score

Your Score History

You have not taken this quiz since the last reset